1.5.2004 - české pojišťovnictví v EU
Implementácia právnych aktov EÚ k poisteniu a poisťovníctva do poistného práva Českej republiky. Spätný pohľad na legislatívny proces. Podstata nových právnych predpisov, ich aplikácia. Východiskové podmienky pre pôsobenie poisťovní v rámci jednotného poistného trhu.
Salvato in:
| Autore principale: | |
|---|---|
| Natura: | Capitolo di libro |
| Lingua: | ceco |
| Soggetti: | |
| Tags: |
Nessun Tag, puoi essere il primo ad aggiungerne!!
|
MARC
| LEADER | 00000naa$a2200000$$$4500 | ||
|---|---|---|---|
| 001 | 0006963 | ||
| 005 | 20230927101325.1 | ||
| 041 | 0 | |a cze | |
| 044 | |a CZ | ||
| 245 | 1 | 0 | |a 1.5.2004 - české pojišťovnictví v EU |c aut. Jaroslav Mesršmíd |
| 520 | |a Implementácia právnych aktov EÚ k poisteniu a poisťovníctva do poistného práva Českej republiky. Spätný pohľad na legislatívny proces. Podstata nových právnych predpisov, ich aplikácia. Východiskové podmienky pre pôsobenie poisťovní v rámci jednotného poistného trhu. | ||
| 610 | 2 | 0 | |a poisťovníctvo |
| 610 | 2 | 0 | |a trh poistný |
| 610 | 2 | 0 | |a právo poistné |
| 610 | 2 | 0 | |a legislatíva |
| 610 | 2 | 0 | |a zákony |
| 610 | 2 | 0 | |a Česko |
| 610 | 2 | 0 | |a Európska únia |
| 610 | 2 | 0 | |a 2004 |
| 100 | 1 | |a Mesršmíd, Jaroslav | |